| 000 | 00557nam a2200217 i 4500 | ||
|---|---|---|---|
| 001 | bg | ||
| 100 | 1 | _aOCHODEK, Bolesław | |
| 245 | 1 | 0 |
_aWstęp do informatyki / _cBolesław Ochodek. |
| 260 |
_aPiła ; _a[Białe Błota : _b"Markar"], _c2002. |
||
| 300 |
_a157 s. : _bil. ; _c21 cm. |
||
| 504 | _aBibliogr. | ||
| 650 | 9 | _aInformatyka | |
| 655 | _aPodręczniki akademickie | ||
| 020 | _a8391619850 | ||
| 040 | _cBPK | ||
| 041 | 0 | _apol | |
| 080 | _a004(075.8) | ||
| 920 | _a83-916198-5-0 | ||
| 942 | _cKS | ||
| 008 | s pl f |000 0 pol | ||
| 999 |
_c44045 _d44045 |
||
| 856 |
_uhttp://koha.tu.koszalin.pl/cgi-bin/koha/opac-detail.pl?biblionumber=44045 _yKatalog online BPK |
||